000 00743nam a2200229 i 4500
001 176030
003 ES-MaACL
005 20250812044415.0
008 101210s1954 sp a |||| | spa d
080 _a659.1
100 1 _aVicens Carrió, Jaime.
_9114317
245 1 0 _aCreación de folletos e impresos atractivos /
_cpor Jaime Vicens Carrió.
250 _a1ª ed.
260 _aBarcelona :
_bJuan Bruguer,
_c1954.
300 _a271 p. :
_bil. ;
_c22 cm.
490 1 _aBiblioteca moderna de publicidad ;
_v3
650 0 4 _aDiseño gráfico.
_9139179
650 0 7 _aArte publicitario
_2embne
_910280
830 0 _aBiblioteca moderna de publicidad ;
_v3
_9189904
852 _aES-MaACL
_jE-13766
_xOlim P-1022
999 _c176030
_d176030